| Tag |
First Indicator |
Second Indicator |
Subfields |
| LEADER |
00000cam a22000001a 4500 |
| 001 |
in00003219321 |
| 005 |
20190404182426.0 |
| 006 |
m d f |
| 007 |
cr bn mmmapmmp |
| 008 |
091015s1983 dcu ob f000 0 eng d |
| 035 |
|
|
|a cis2007447849
|
| 040 |
|
|
|a UMI
|c UMI
|d UtOrBLW
|
| 043 |
|
|
|a n-us---
|
| 074 |
|
|
|a 1028-A, 1028-B (microfiche)
|
| 086 |
0 |
|
|a Y 4.W 36:98-29
|
| 088 |
|
|
|a Serial 98-29 (United States. Congress. House. Committee on Ways and Means)
|
| 099 |
|
|
|a HRG-1983-WAM-0022
|
| 110 |
1 |
|
|a United States.
|b Congress.
|b House.
|b Committee on Ways and Means.
|b Subcommittee on Select Revenue Measures.
|
| 245 |
1 |
0 |
|a Carryover of net operating losses and other tax attributes of corporations :
|b hearing before the Subcommittee on Select Revenue Measures of the Committee on Ways and Means, House of Representatives, Ninety-eighth Congress, first session, September 22, 1983.
|
| 264 |
|
1 |
|a Washington :
|b U.S. G.P.O.,
|c 1983 [i.e. 1984]
|
| 300 |
|
|
|a 1 online resource.
|
| 336 |
|
|
|a text
|b txt
|2 rdacontent
|
| 337 |
|
|
|a computer
|b c
|2 rdamedia
|
| 338 |
|
|
|a online resource
|b cr
|2 rdacarrier
|
| 500 |
|
|
|a Record is based on bibliographic data in ProQuest Congressional Hearings Digital Collection. Reuse except for individual research requires license from ProQuest, LLC.
|
| 504 |
|
|
|a Includes bibliographical references.
|
| 538 |
|
|
|a System requirements: PDF reader software.
|
| 500 |
|
|
|a Electronic resource.
|
| 650 |
|
0 |
|a Business losses
|z United States.
|
| 650 |
|
0 |
|a Corporations
|x Taxation
|z United States.
|
| 650 |
|
0 |
|a Consolidation and merger of corporations
|x Taxation
|z United States.
|
| 655 |
|
7 |
|a Electronic books.
|2 local
|
| 710 |
2 |
|
|a ProQuest (Firm)
|
| 776 |
0 |
8 |
|i Print version:
|a United States. Congress. House. Committee on Ways and Means. Subcommittee on Select Revenue Measures.
|t Carryover of net operating losses and other tax attributes of corporations
|w (OCoLC)10493640
|w gp 84014031
|
| 776 |
0 |
8 |
|i Microfiche version:
|a United States. Congress. House. Committee on Ways and Means. Subcommittee on Select Revenue Measures.
|t Carryover of net operating losses and other tax attributes of corporations.
|d [Bethesda, Md.] : ProQuest,[2004]
|o CIS 84 H781-14
|w (ProQuest)cis08401446
|
| 830 |
|
0 |
|a U.S. Congressional Hearings.
|
| 856 |
4 |
0 |
|u http://proxy.library.tamu.edu/login?url=http://congressional.proquest.com/congcomp/getdoc?HEARING-ID=HRG-1983-WAM-0022
|z Connect to the full text of this electronic book
|t 0
|
| 998 |
|
|
|a cis08401446
|
| 999 |
|
|
|a MARS
|
| 999 |
f |
f |
|s 3b421c72-adbd-3c9d-b3b8-bf5b3134b34f
|i ca70215c-a8ce-302c-b0d4-783279ebc067
|t 0
|
| 952 |
f |
f |
|a Texas A&M University
|b College Station
|c Electronic Resources
|d Available Online
|t 0
|e HRG-1983-WAM-0022
|h Other scheme
|
| 998 |
f |
f |
|a HRG-1983-WAM-0022
|t 0
|l Available Online
|